Normal view
MARC view
- Guide Name: Adkar Neha
Entry Personal Name
001 - CONTROL NUMBER
- control field: 210805
003 - CONTROL NUMBER IDENTIFIER
- control field: OSt
005 - DATE AND TIME OF LATEST TRANSACTION
- control field: 20250110171712.0
008 - FIXED-LENGTH DATA ELEMENTS
- fixed length control field: 250110|| aca||aabn | a|a d
040 ## - CATALOGING SOURCE
- Original cataloging agency: OSt
- Transcribing agency: OSt
100 ## - HEADING--PERSONAL NAME
- Personal name: Guide Name: Adkar Neha
670 ## - SOURCE DATA FOUND
- Source citation: Work cat.: (OSt)364219: Chothe Pratima. 182531, Landscape Design Proposal For Sajjangad Fort, Satara, Maharashtra., 2018